Marcatori della Roma in UEFA Champions League 2017-2018 - Statistics

Statistiche generali
  • Questo quiz è stato fatto 23 volte
  • Il punteggio medio è 19 su 20
Statistiche sulle risposte
Partita Minuto Marcatore % Corretto
Roma - Barcellona 3-0 58' Daniele De Rossi
100%
Qarabağ - Roma 1-2 15' Edin Džeko
100%
Chelsea - Roma 3-3 64' Edin Džeko
100%
Chelsea - Roma 3-3 70' Edin Džeko
100%
Roma - Shakhtar Donetsk 1-0 52' Edin Džeko
100%
Barcellona - Roma 4-1 80' Edin Džeko
100%
Roma - Barcellona 3-0 6' Edin Džeko
100%
Liverpool - Roma 5-2 81' Edin Džeko
100%
Roma - Livepool 4-2 52' Edin Džeko
100%
Qarabağ - Roma 1-2 7' Kōstas Manōlas
95%
Roma - Barcellona 3-0 82' Kōstas Manōlas
95%
Roma - Livepool 4-2 86' Radja Nainggolan
95%
Roma - Livepool 4-2 94' Radja Nainggolan
95%
Roma - Chelsea 3-0 1' Stephan El Shaarawy
91%
Roma - Chelsea 3-0 36' Stephan El Shaarawy
91%
Chelsea - Roma 3-3 40' Aleksandar Kolarov
86%
Roma - Chelsea 3-0 63' Diego Perotti
86%
Roma - Qarabağ 1-0 53' Diego Perotti
86%
Liverpool - Roma 5-2 85' Diego Perotti
86%
Shakhtar Donetsk - Roma 2-1 41' Cengiz Ünder
64%
Nessun quiz corrispondente trovato
Distribuzione punteggi
Percentuale di utenti per punteggio
Percentile per numero di risposta
I tuoi punteggi nel tempo
Non hai fatto questo quiz